[Event "ch-NED"]
[Site "Rotterdam NED"]
[Date "2000.05.17"]
[Round "9"]
[White "Van der Wiel,J"]
[Black "Van Wely,L"]
[Result "1/2-1/2"]
[WhiteElo "2558"]
[BlackElo "2646"]

1.e4 c5 2.Nf3 d6 3.d4 cxd4 4.Nxd4 Nf6 5.Nc3 a6 6.a4 Nc6 7.Be2 e6 8.O-O Be7
9.Be3 O-O 10.f4 Qc7 11.Kh1 Re8 12.Bf3 Bf8 13.Nb3 b6 14.a5 bxa5 15.e5 dxe5
16.fxe5 Rd8 17.Nd4 Nxd4 18.Bxd4 Nd5 19.Nxd5 exd5 20.Qd2 Bf5 21.Qxa5 Qxa5
22.Rxa5 Bxc2 23.Bxd5 Bb4 24.Bxf7+ Kh8 25.Rd5 Rxd5 26.Bxd5 Rd8 27.Bc3 Rxd5
28.Bxb4 Rd1 29.Rxd1 Bxd1 30.e6 Kg8 31.Kg1 h5 32.Kf2 Bb3 33.e7 Kf7 34.Ke3 Bd5
35.g3 Bc6 36.Kf4 g6 37.Ke5 Bb5  1/2-1/2

[Event "ch-NED"]
[Site "Rotterdam NED"]
[Date "2000.05.18"]
[Round "10"]
[White "Van Wely,L"]
[Black "Bosboom,M"]
[Result "1-0"]
[WhiteElo "2646"]
[BlackElo "2461"]

1.d4 Nf6 2.c4 a6 3.Nc3 c5 4.dxc5 Qa5 5.e4 Nc6 6.Qa4 Qxc5 7.Be3 Qb4 8.Qc2 Ng4
9.Bf4 e5 10.Bg3 Qa5 11.a3 b5 12.Qd1 Nd4 13.Ra2 d6 14.b4 Qc7 15.Nd5 Qb7 16.cxb5 axb5
17.Nf3 Ne6 18.Bh4 Bd7 19.Rc2 Rxa3 20.h3 Nh6 21.Be2 Ng8 22.Qc1 Ra8 23.Ng5 Rb8
24.Nc7+ Nxc7 25.Rxc7 Rc8 26.Rxc8+ Qxc8 27.Qxc8+ Bxc8 28.Bxb5+ Ke7 29.Bc4 Nf6
30.Nxf7 d5 31.Bxd5 Rg8 32.Nxe5 Be6 33.Nc6+ Kd7 34.Bxe6+ Kxe6 35.f3 Kd6 36.Nd4 Nh5
37.Kd2 Kd7 38.Kc3 Bd6 39.Rd1 Be5 40.Kb3 Rb8  1-0

[Event "XVI ECC"]
[Site "Neum BIH"]
[Date "2000.09.26"]
[Round "3"]
[White "Van Wely,L"]
[Black "Avrukh,B"]
[Result "1-0"]
[WhiteElo "2643"]
[BlackElo "2625"]

1.d4 Nf6 2.c4 g6 3.Nc3 d5 4.Nf3 Bg7 5.cxd5 Nxd5 6.e4 Nxc3 7.bxc3 c5 8.Rb1 O-O
9.Be2 b6 10.O-O Bb7 11.Qd3 Ba6 12.Qe3 Qd7 13.dxc5 Bxe2 14.Qxe2 bxc5 15.Qc4 Qc6
16.e5 Nd7 17.Re1 Nb6 18.Qh4 Qa4 19.Qxe7 Qxa2 20.Rb5 Rac8 21.Rxc5 Nd5 22.Qd6 Nxc3
23.Rxc8 Rxc8 24.Bd2 Qc4 25.Qd7 Nb5 26.Ng5 Nd4 27.Nxf7 Qe6 28.Qb7 Rf8 29.Ng5 Qa2
30.Be3 Nc2 31.Bc5 Qa5 32.Qd5+ Kh8 33.Rd1  1-0

[Event "Dutch Open Blitzchess"]
[Site "Dordrecht NED"]
[Date "2001.02.24"]
[Round "2"]
[White "Van Wely,L"]
[Black "Leenhouts,K"]
[Result "1-0"]
[WhiteElo "2700"]
[BlackElo "2168"]

1.d4 Nf6 2.c4 c5 3.d5 b5 4.cxb5 a6 5.bxa6 g6 6.Nc3 Bxa6 7.Nf3 Bg7 8.g3 d6
9.Bg2 O-O 10.O-O Nbd7 11.Qc2 Ra7 12.Rd1 Qa8 13.Rb1 Rb8 14.b3 Ne8 15.Bb2 Nc7
16.e4 c4 17.Ba1 Nc5 18.Nd4 Bxd4 19.Rxd4 cxb3 20.axb3 Bd3 21.Rxd3 Nxd3 22.Na4 Rxa4
23.bxa4 Rxb1+ 24.Qxb1 Qxa4 25.Qb8+ Ne8 26.Bc3 Kf8 27.Qb1 Qc4 28.Qc2 Ne5 29.f4 Qc5+
30.Kh1 Ng4 31.Bf3 h5 32.h3 Ne3 33.Qd3 Nf6 34.Bd2 Nc4 35.Bc3 Qe3 36.Qxe3 Nxe3
37.Kg1 Nc4 38.Kf2 Nb6 39.Ke3 Na4 40.Bd4 Nc5 41.Bxc5 dxc5 42.e5 Nd7 43.Kd3 Ke8
44.Kc4 Kd8 45.Kb5 Kc7 46.Be4 f6 47.e6 Nb6 48.Kxc5 Na4+ 49.Kd4 Nb2 50.Bxg6 Nd1
51.Bxh5 Nf2 52.h4 Nh3 53.Bg4 Ng1 54.Bd1 Kd8 55.h5 Ke8 56.h6 Kf8 57.d6 exd6
58.h7 Kg7 59.e7 Nh3 60.e8=Q Kxh7 61.Qh5+ Kg7 62.Qxh3 Kf7 63.Qd7+ Kg6 64.Bc2+ Kh5
65.Qf5+  1-0

[Event "Dutch Open Blitzchess"]
[Site "Dordrecht NED"]
[Date "2001.02.24"]
[Round "2"]
[White "Leenhouts,K"]
[Black "Van Wely,L"]
[Result "0-1"]
[WhiteElo "2168"]
[BlackElo "2700"]

1.e4 c5 2.Nf3 d6 3.g3 g6 4.Bg2 Bg7 5.c3 Nf6 6.O-O O-O 7.Re1 e5 8.a3 Re8 9.d3 h6
10.b4 a6 11.Nbd2 Nc6 12.Rb1 b5 13.Nb3 cxb4 14.axb4 Be6 15.d4 exd4 16.cxd4 Nxb4
17.d5 Bd7 18.Nbd4 a5 19.Ba3 Nfxd5 20.exd5  0-1

[Event "Dutch Open Blitzchess"]
[Site "Dordrecht NED"]
[Date "2001.02.24"]
[Round "3"]
[White "Van Wely,L"]
[Black "Piket,M"]
[Result "1-0"]
[WhiteElo "2700"]
[BlackElo "2345"]

1.d4 Nf6 2.c4 c5 3.d5 e5 4.Nc3 d6 5.e4 a6 6.h3 h5 7.Bd3 g6 8.Nf3 Bh6 9.Ng5 Qe7
10.Be3 Nbd7 11.Qd2 Bg7 12.g3 Nh7 13.h4 Nxg5 14.hxg5 b6 15.O-O-O Rb8 16.a4 Nf8
17.f4 Bg4 18.Rde1 exf4 19.gxf4 Nd7 20.Rhf1 O-O 21.e5 dxe5 22.f5 gxf5 23.Bxf5 Bxf5
24.Rxf5 b5 25.Ne4 bxc4 26.Nf6+ Bxf6 27.gxf6 Nxf6 28.Bg5 c3 29.Qxc3  1-0

[Event "Tch-NED"]
[Site "NED"]
[Date "2001.03.04"]
[Round "6"]
[White "Van Wely,L"]
[Black "Loeffler,S"]
[Result "1-0"]
[WhiteElo "2700"]
[BlackElo "2413"]

1.d4 d5 2.c4 e6 3.Nf3 a6 4.g3 dxc4 5.Bg2 c5 6.O-O Nf6 7.dxc5 Bxc5 8.Qxd8+ Kxd8
9.Ne5 Ke7 10.Nd2 Nbd7 11.Nexc4 Rd8 12.Nb3 Ba7 13.Bd2 Nd5 14.e4 N7b6 15.Nba5 Nxc4
16.Nxc4 Nb6 17.Bb4+ Ke8 18.Nd6+ Rxd6 19.Bxd6 Nc4 20.Bb4 Bd4 21.Rac1 Nxb2
22.Rc7 Bd7 23.Rxb7 Rc8 24.Bd6 f6 25.Rb8 Rxb8 26.Bxb8 Bb5 27.Re1 Nd3 28.Re2 Nc1
29.Rc2 Ne2+ 30.Kh1 Nc3 31.f3 e5 32.Ba7 a5 33.Bxd4 exd4 34.Rd2  1-0

[Event "Tch-NED"]
[Site "NED"]
[Date "2001.04.22"]
[Round "9"]
[White "Duijn,Ri"]
[Black "Van Wely,L"]
[Result "0-1"]
[WhiteElo "2241"]
[BlackElo "2700"]

1.d4 Nf6 2.c4 g6 3.Nc3 d5 4.Nf3 Bg7 5.e3 O-O 6.cxd5 Nxd5 7.Bd2 c5 8.dxc5 Nxc3
9.Bxc3 Bxc3+ 10.bxc3 Qa5 11.Qb3 Qxc5 12.Bc4 Nd7 13.Qb4 b6 14.Rd1 Rb8 15.Bb5 Nf6
16.O-O Qc7 17.Qc4 Qxc4 18.Bxc4 Bg4 19.Ba6 Ne4 20.Rd4 Bxf3 21.gxf3 Nc5 22.Bb5 Rfc8
23.Rfd1 a6 24.Bf1 b5 25.Rb4 Na4 26.c4 Nc3 27.Rd7 a5 28.Rb2 b4 29.Ra7 a4 30.Rc2 a3
31.Rxa3 Ne2+ 32.Bxe2 bxa3 33.Rc3 Rb2 34.Kf1 Rxa2 35.c5 Ra1+ 36.Kg2 a2 37.Rc2 Rg1+  0-1

[Event "HZ Open"]
[Site "Vlissingen NED"]
[Date "2001.07.29"]
[Round "2"]
[White "Kluger,C"]
[Black "Van Wely,L"]
[Result "0-1"]
[WhiteElo "2130"]
[BlackElo "2695"]

1.Nc3 d5 2.e4 d4 3.Nce2 e5 4.Ng3 Be6 5.Be2 Nf6 6.Nf3 Nfd7 7.d3 h6 8.O-O g6
9.c4 a5 10.Nxe5 Nxe5 11.f4 Nec6 12.f5 Bc8 13.fxg6 fxg6 14.Bh5 Ne5 15.Bxg6+ Nxg6
16.Qh5 Ra6 17.e5 Qh4 18.Qe2 Be7 19.Bd2 Qg4  0-1

[Event "HZ Open"]
[Site "Vlissingen NED"]
[Date "2001.08.02"]
[Round "7"]
[White "Van Wely,L"]
[Black "Janssen,R"]
[Result "1-0"]
[WhiteElo "2695"]
[BlackElo "2437"]

1.d4 Nf6 2.c4 e6 3.Nf3 b6 4.g3 Ba6 5.b3 Bb4+ 6.Bd2 Be7 7.Bg2 c6 8.O-O d5
9.Qc2 Nbd7 10.Rd1 O-O 11.Bf4 Nh5 12.Bc1 Nhf6 13.Bf4 Nh5 14.Bc1 Nhf6 15.a4 c5
16.Nc3 cxd4 17.Nxd4 Rc8 18.Ncb5 e5 19.Nf5 dxc4 20.Nxa7 cxb3 21.Qxb3 Bc5 22.Nxc8 Qxc8
23.e3 Qc7 24.Ba3  1-0

[Event "HZ Open"]
[Site "Vlissingen NED"]
[Date "2001.08.03"]
[Round "8"]
[White "Lobzhanidze,D"]
[Black "Van Wely,L"]
[Result "0-1"]
[WhiteElo "2501"]
[BlackElo "2695"]

1.e4 c5 2.Nf3 d6 3.c3 Nf6 4.Bd3 Nc6 5.Bc2 Bg4 6.d3 e6 7.Nbd2 Be7 8.h3 Bh5
9.Nf1 h6 10.Ng3 Bg6 11.O-O O-O 12.Nh2 d5 13.f4 c4 14.exd5 cxd3 15.Bxd3 Bxd3
16.Qxd3 Qxd5 17.Qxd5 Nxd5 18.f5 Bc5+ 19.Kh1 Nf6 20.Ng4 Nxg4 21.hxg4 Ne5 22.g5 hxg5
23.Ne4 Bb6 24.Bxg5 f6 25.Bh4 exf5 26.Rxf5 Nd3 27.Rd1 Nxb2 28.Rd7 Rf7 29.Rfd5 Nc4
30.Rxf7 Kxf7 31.Rd7+ Kg6 32.Bf2 Re8 33.Bxb6 Nxb6 34.Rd4 Nc8 35.Kh2 Kf5 36.Ng3+ Ke6
37.Ne2 Nd6 38.Kg1 Kd7 39.Kf2 Re4 40.Rd2 Ra4 41.Ke3 Ke7 42.Kd3 Nc4 43.Rc2 Ne5+
44.Ke3 f5 45.Nd4 Kf6 46.Ne2 Re4+ 47.Kd2 f4 48.Nd4 Re3 49.Ne2 Nc4+ 50.Ke1 g5
51.Kf1 Rd3 52.Kf2 Ke5 53.Nc1 Rd1 54.Nb3 Ne3 55.Rc1 Rxc1 56.Nxc1 Ke4 57.Nb3 Nd1+
58.Ke1 Nxc3 59.Nc5+ Ke3 60.Nxb7 Nxa2 61.Nd6 Nc3 62.Nf7 Ne4 63.Ne5 a6 64.Kf1 Kd4
65.Nf3+ Kc3  0-1

[Event "Corus"]
[Site "Wijk aan Zee NED"]
[Date "2002.01.22"]
[Round "9"]
[White "Kasimdzhanov,R"]
[Black "Van Wely,L"]
[Result "1-0"]
[WhiteElo "2695"]
[BlackElo "2697"]

1.d4 Nf6 2.c4 e6 3.Nf3 d5 4.g3 dxc4 5.Bg2 Nc6 6.Qa4 Bb4+ 7.Bd2 Nd5 8.Bxb4 Nxb4
9.a3 b5 10.Qxb5 Nc2+ 11.Kd2 Nxa1 12.Qxc6+ Bd7 13.Qxc4 c5 14.Qa2 Qa5+ 15.Nc3 cxd4
16.Nxd4 Rd8 17.Rxa1 e5 18.b4 Qb6 19.Nc2 Qxf2 20.Bd5 O-O 21.Qc4 Be6 22.Ne3 Qxh2
23.Qh4 Qxh4 24.gxh4 f5 25.Kc2 Kf7 26.Rg1 Rd7 27.Bxe6+ Kxe6 28.Na4 Kf6 29.Nc5 Rd4
30.Nxf5 Kxf5 31.e4+ Kf6 32.Rf1+ Ke7 33.Rxf8 Kxf8 34.Ne6+ Kf7 35.Nxd4 exd4
36.Kd3 h5 37.Kxd4 g5 38.hxg5 Kg6 39.b5 Kxg5 40.a4  1-0

[Event "Eu Rapid Ch"]
[Site "Panormo GRE"]
[Date "2002.09.30"]
[Round "5"]
[White "Arduman,C"]
[Black "Van Wely,L"]
[Result "0-1"]
[WhiteElo "2358"]
[BlackElo "2645"]

1.d4 Nf6 2.c4 g6 3.Nf3 Bg7 4.g3 d5 5.cxd5 Nxd5 6.Bg2 Nb6 7.O-O Nc6 8.e3 O-O
9.Nc3 Re8 10.d5 Na5 11.Qc2 c6 12.dxc6 Nxc6 13.Rd1 Bd7 14.e4 Qc8 15.Bf4 Bg4
16.Nb5 Rd8 17.Rxd8+ Qxd8 18.Rd1 Qc8 19.Rc1 h6 20.Nc7 Rb8 21.Nb5 e5 22.Be3 Qd7
23.Nxa7 Nd4 24.Bxd4 exd4 25.Qb3 Qd8 26.Nb5 Be6 27.Qd3 Na4 28.Nfxd4 Nxb2 29.Qe3 Bxa2
30.Rc2 Nc4 31.Qc3 Nd6 32.Nxd6 Qxd6 33.Rxa2 Bxd4 34.Qc4 b5 35.Qb3 b4 36.Bf1 Bc5
37.Bc4 Rb7 38.Ra6 Qd4 39.Ra2 Qxe4 40.Re2 Qd4 41.Kg2 Kg7 42.Re3 Ra7 43.Rf3 f5
44.Rf4 Qd2 45.Qf3 Bd6 46.Rh4 h5 47.Qc6  0-1

[Event "Eu Rapid Ch"]
[Site "Panormo GRE"]
[Date "2002.10.01"]
[Round "8"]
[White "Van Wely,L"]
[Black "Volkov,S"]
[Result "1-0"]
[WhiteElo "2645"]
[BlackElo "2636"]

1.d4 d5 2.c4 c6 3.Nf3 Nf6 4.e3 Bf5 5.Nc3 e6 6.Nh4 Be4 7.f3 Bg6 8.Qb3 Qc7
9.Bd2 Be7 10.Nxg6 hxg6 11.O-O-O a6 12.Kb1 dxc4 13.Bxc4 b5 14.Bd3 Rxh2 15.g4 Nbd7
16.g5 Nh5 17.f4 Rxh1 18.Rxh1 c5 19.Qc2 cxd4 20.Bxg6 Ng3 21.Rh8+ Nf8 22.Be4 dxc3
23.Bxa8 cxd2 24.Bc6+ Kd8 25.Qxd2+ Kc8 26.Bf3 Qd6 27.Qc3+ Kb8 28.a3 Nf5 29.Be4 g6
30.Rg8 Ng3 31.Bf3 Nf1 32.Ka2 Nd2 33.Bg2 Nc4 34.Rg7 e5 35.Bf1 Nd2 36.Qxe5 Qxe5
37.fxe5 Nxf1 38.Rxf7 Bc5 39.b4 Ne6 40.bxc5 Nxe3 41.Rf6 Nxc5 42.Rxg6 Kc7 43.Rd6 Nc4
44.g6 Nxe5 45.Rxa6 Nxa6 46.g7 Nc5 47.g8=Q Nc4 48.Qd5 Kb6 49.Qd4 Kc6 50.Qf6+ Kc7
51.Qc3 Kb6 52.Kb1 Kc6 53.Kc2 Kd5 54.Kd1 Na4 55.Qb4 Kc6 56.Ke2 Nc5 57.Qc3 Kd5
58.Kf3 Ne5+ 59.Kf4 Ne6+ 60.Kf5 Nd4+ 61.Kf6 Nec6 62.Kf7 Ne5+ 63.Ke7 Ndc6+
64.Ke8 Kd6 65.Kf8 Kd5 66.Kg7 Nd4 67.Qb4 Nec6 68.Qc3 Ne5 69.Kf6 Nec6 70.Qb2 Kc4
71.Kf7 b4 72.axb4 Nxb4 73.Ke7 Kd5 74.Kd7 Nd3 75.Qg2+ Kc4 76.Kd6 Nf5+ 77.Kc6 Nd4+
78.Kb6 Nb3 79.Qc2+ Kd5  1-0

[Event "Eu Blitz Ch"]
[Site "Panormo GRE"]
[Date "2002.10.02"]
[Round "3"]
[White "Van Wely,L"]
[Black "Karjakin,Sergey"]
[Result "1-0"]
[WhiteElo "2681"]
[BlackElo "2527"]

1.c4 c5 2.Nc3 Nc6 3.Nf3 e5 4.g3 g6 5.Bg2 Bg7 6.d3 d6 7.Nd2 Nge7 8.Nf1 Nf5
9.h4 h6 10.Ne3 Nxe3 11.Bxe3 Be6 12.Qd2 Rb8 13.Rb1 Nd4 14.b4 b6 15.Nd5 Bxd5
16.Bxd5 Nf5 17.h5 Qf6 18.g4 Nxe3 19.Qxe3 Qf4 20.Qh3 Ke7 21.e3 Qf6 22.b5 Rhe8
23.Rg1 g5 24.Rg3 e4 25.Bxe4 Qc3+ 26.Kf1 Qc2 27.Re1 Bc3 28.Rf3 Qd2 29.Rb1 Qxa2
30.d4 cxd4 31.exd4 Bxd4 32.Re1 Kf8 33.Kg2 Kg7 34.Rf5 Qxc4 35.Bd5 Qc2 36.Rxf7+ Kh8
37.Qf3 Bg7 38.Rxg7 Rxe1 39.Qf6 Re6 40.Bxe6 Qe4+ 41.Kg3 Qe5+ 42.Qxe5 dxe5
43.Re7 Rd8 44.Bf5 Kg8 45.Kf3 Rd4 46.Ke3 Rb4 47.Rxa7 Re4+ 48.Kxe4 Kf8 49.Be6 Ke8
50.Rh7 Kd8 51.Rxh6 Kc7 52.Rh7+ Kb8 53.Re7  1-0

[Event "Eu Blitz Ch"]
[Site "Panormo GRE"]
[Date "2002.10.02"]
[Round "4"]
[White "Arduman,C"]
[Black "Van Wely,L"]
[Result "0-1"]
[WhiteElo "2369"]
[BlackElo "2681"]

1.d4 Nf6 2.c4 e6 3.Nc3 Bb4 4.e3 O-O 5.Ne2 d5 6.a3 Be7 7.Nf4 c6 8.Bd3 Nbd7
9.cxd5 exd5 10.b4 a6 11.O-O Bd6 12.Qf3 Re8 13.h3 Nf8 14.Bb2 Ng6 15.Nxg6 hxg6
16.Rfe1 Be6 17.Rad1 Bc7 18.Bf1 Qd7 19.Na4 b6 20.Nc3 b5 21.Ne2 Ne4 22.Nf4 a5
23.Nd3 Qd6 24.g3 Ng5 25.Qe2 Nxh3+ 26.Kg2 Ng5 27.Nf4 Bf5 28.f3 axb4 29.axb4 Qxb4
30.g4 Bxf4 31.gxf5 Rxe3 32.Qf2 Rxf3 33.Qc2 Rg3+ 34.Kf2 Ne4+ 35.Rxe4 dxe4
36.fxg6 fxg6 37.Rb1 Rf8  0-1

[Event "Eu Blitz Ch"]
[Site "Panormo GRE"]
[Date "2002.10.03"]
[Round "16"]
[White "Van Wely,L"]
[Black "Ruck,R"]
[Result "0-1"]
[WhiteElo "2681"]
[BlackElo "2572"]

1.Nf3 c5 2.c4 Nf6 3.g3 d5 4.cxd5 Nxd5 5.Bg2 Nc6 6.Nc3 Nc7 7.O-O e5 8.d3 Be7
9.Nd2 O-O 10.Bxc6 bxc6 11.Nc4 f6 12.Be3 Bh3 13.Re1 Ne6 14.Rc1 Qc7 15.f3 f5
16.Bf2 Bg5 17.e3 Rad8 18.f4 Bf6 19.Qc2 exf4 20.gxf4 g5 21.Kh1 gxf4 22.Rg1+ Kh8
23.exf4 Bg4 24.Rg3 Qxf4 25.Be3 Qc7 26.Rcg1 Bh4 27.Rxg4 fxg4 28.Rxg4 Bf6 29.Ne4 Bd4
30.Bxd4+ Nxd4 31.Qg2 Qf7 32.Nxc5 Rg8 33.Ne5 Qf5  0-1

[Event "Olympiad"]
[Site "Bled SLO"]
[Date "2002.11.04"]
[Round "9"]
[White "Van Wely,L"]
[Black "Akopian,Vl"]
[Result "1/2-1/2"]
[WhiteElo "2681"]
[BlackElo "2689"]

1.d4 Nf6 2.c4 e6 3.Nc3 Bb4 4.e3 c5 5.Ne2 cxd4 6.exd4 O-O 7.a3 Be7 8.Nf4 d5
9.cxd5 Nxd5 10.Ncxd5 exd5 11.Bd3 Nc6 12.O-O Bg5 13.Be3 Bxf4 14.Bxf4 Qf6 15.Be3 Bf5
16.Be2 Rfe8 17.Qd2 Qg6 18.Rfe1 h5 19.Bf1 h4 20.f3 h3 21.g3 Bd7 22.Bf4 Qf6
23.Rxe8+ Rxe8 24.Rd1 g5 25.Bxg5 Qxf3 26.Bh6 f6 27.Re1 Rxe1 28.Qxe1 Kf7 29.Be3 Bg4
30.Qd2 Qe4 31.Qd3 f5 32.b4 a6 33.Bf2 Kg6  1/2-1/2

[Event "Amber Rapid"]
[Site "Monte Carlo MNC"]
[Date "2003.03.21"]
[Round "6"]
[White "Van Wely,L"]
[Black "Topalov,V"]
[Result "1/2-1/2"]
[WhiteElo "2668"]
[BlackElo "2743"]

1.d4 Nf6 2.c4 e6 3.Nc3 Bb4 4.e3 O-O 5.Bd3 c5 6.Ne2 d5 7.a3 cxd4 8.exd4 dxc4
9.Bxc4 Be7 10.Nf4 Nc6 11.Be3 Bd6 12.Nh5 Nxh5 13.Qxh5 Qa5 14.Qxa5 Nxa5 15.Ba2 b6
16.b4 Nc6 17.d5 Ne7 18.dxe6 Bxe6 19.Bxe6 fxe6 20.Ke2 Be5 21.Rac1 Rfc8 22.Nb5 a6
23.Nd4 Kf7 24.Nf3 Bb2 25.Ng5+ Kg6 26.Rxc8 Rxc8 27.Nxe6 Nd5 28.Nf4+ Nxf4+
29.Bxf4 Rc2+ 30.Bd2 Bc3 31.Rd1 Ra2 32.Kd3 Bf6 33.Ke4 Rxa3 34.f4 a5 35.f5+ Kh5
36.bxa5 bxa5 37.h3 a4 38.Bf4 Ra1 39.Rd7 a3 40.Ra7 a2 41.Be3 h6 42.Bf2 Kg5
43.Be3+ Kh4 44.Bf2+ Kg5  1/2-1/2

[Event "Open"]
[Site "Bastia FRA"]
[Date "2003.10.30"]
[Round "5"]
[White "Abravanel,C"]
[Black "Van Wely,L"]
[Result "0-1"]
[WhiteElo "2327"]
[BlackElo "2654"]

1.e4 c5 2.Nf3 d6 3.c3 Nf6 4.h3 Nc6 5.d3 g6 6.Be2 Bg7 7.O-O O-O 8.Be3 e5 9.Qc1 Re8
10.Nbd2 b6 11.c4 Nh5 12.Re1 Nf4 13.Bf1 Ne6 14.Nb1 f5 15.exf5 gxf5 16.Nc3 Bb7
17.g3 Ncd4 18.Bxd4 cxd4 19.Nd5 b5 20.b3 bxc4 21.bxc4 Nc5 22.Qd1 Bxd5 23.cxd5 Qf6
24.Nh4 e4 25.Qh5 Rf8 26.Ng2 Bh6 27.Rad1 Rae8 28.Kh2 Kg7 29.Nh4 Qg5 30.Qxg5+ Bxg5
31.Ng2 Rb8 32.h4 Bh6 33.Kg1 Rb2 34.Re2 Rb4 35.Rc2 a5 36.Be2 a4 37.Ne1 a3
38.g4 fxg4 39.dxe4 g3 40.f3 Rb2 41.Kg2 Be3 42.Kxg3 Kf6 43.Kh3 Rg8 44.Bd3 Rg1
45.e5+ Kxe5 46.Bxh7 Kf6 47.Rxb2 axb2 48.Rb1 d3 49.Rxb2 Rxe1  0-1

[Event "ch-Europe Internet Blitz"]
[Site "playchess.com INT"]
[Date "2003.11.09"]
[Round "1.2"]
[White "Panarin,M"]
[Black "Van Wely,L"]
[Result "1/2-1/2"]
[WhiteElo "2424"]
[BlackElo "2654"]

1.e4 c5 2.Nf3 Nc6 3.d4 cxd4 4.Nxd4 Nf6 5.Nc3 e5 6.Ndb5 d6 7.Bg5 a6 8.Na3 b5
9.Nd5 Be7 10.Bxf6 Bxf6 11.c3 Bg5 12.Nc2 O-O 13.a4 bxa4 14.Rxa4 a5 15.Bb5 Ne7
16.Bc4 Rb8 17.Ra2 Nxd5 18.Qxd5 Qc7 19.Qd3 Kh8 20.O-O f5 21.Bd5 fxe4 22.Bxe4 Be6
23.Bd5 Bf5 24.Be4 Be6 25.Bd5 Bf5 26.Be4 Be6  1/2-1/2

[Event "ch-Europe Internet Blitz"]
[Site "playchess.com INT"]
[Date "2003.11.09"]
[Round "1.1"]
[White "Van Wely,L"]
[Black "Panarin,M"]
[Result "1-0"]
[WhiteElo "2654"]
[BlackElo "2424"]

1.d4 Nf6 2.c4 c5 3.d5 e6 4.Nc3 exd5 5.cxd5 d6 6.e4 g6 7.f4 Bg7 8.Bb5+ Nfd7
9.Bd3 O-O 10.Nf3 Na6 11.O-O Nc7 12.a4 b6 13.Re1 Re8 14.Be3 Ba6 15.Bf2 Qc8
16.h3 Bxd3 17.Qxd3 Na6 18.Nb5 Nb4 19.Qd2 Qb8 20.e5 dxe5 21.fxe5 Nxe5 22.Nxe5 Rxe5
23.d6 Qb7 24.Rxe5 Bxe5 25.Re1 f6 26.Nc7 Rd8 27.Rxe5 fxe5 28.Qg5 Rxd6 29.Qe7 Rd1+
30.Kh2 Qe4 31.Ne6 Qf4+ 32.Nxf4  1-0

[Event "ch-Europe Internet Blitz"]
[Site "playchess.com INT"]
[Date "2003.11.09"]
[Round "1.4"]
[White "Panarin,M"]
[Black "Van Wely,L"]
[Result "1-0"]
[WhiteElo "2424"]
[BlackElo "2654"]

1.e4 c5 2.Nf3 Nc6 3.d4 cxd4 4.Nxd4 Nf6 5.Nc3 e5 6.Ndb5 d6 7.Bg5 a6 8.Na3 b5
9.Nd5 Be7 10.Bxf6 Bxf6 11.c3 Bg5 12.Nc2 O-O 13.a4 bxa4 14.Rxa4 a5 15.Bc4 Rb8
16.b3 Kh8 17.O-O g6 18.Qe2 f5 19.exf5 gxf5 20.f4 Bh6 21.Kh1 Bg7 22.Qh5 e4
23.Nce3 Be6 24.Rd1 Qd7 25.Qe2 Qf7 26.Qa2 Rb7 27.Qd2 Rfb8 28.Rda1 h6 29.h3 Kh7
30.Nd1 Ne7 31.Nxe7 Rxe7 32.Ne3 d5 33.Bxd5 Bxd5 34.Qxd5 Bxc3 35.Qxf5+ Qxf5
36.Nxf5 Bxa1 37.Nxe7 Bc3 38.Rxe4 Rxb3 39.Nd5 Bd2 40.f5 Rb7 41.g4 Bg5 42.Ra4 Rb5
43.Nc3 Re5 44.Kg2 Be7 45.Kf3 Bb4 46.Ne4 Rd5 47.Kf4 Kg7 48.h4 Rd4 49.Ra2 Bd6+
50.Ke3 Rd5 51.Kf3 Bb4 52.Kf4 Rd4 53.Ke5 Rd3 54.g5 Rd8 55.Rc2 Re8+ 56.Kf4 hxg5+
57.hxg5 Kf8 58.f6 Rd8 59.Kf5 a4 60.Rc4 Rb8 61.g6 a3 62.g7+ Kg8 63.Kg6 Rb6
64.Rc8+  1-0

[Event "ch-Europe Internet Blitz"]
[Site "playchess.com INT"]
[Date "2003.11.09"]
[Round "1.3"]
[White "Van Wely,L"]
[Black "Panarin,M"]
[Result "0-1"]
[WhiteElo "2654"]
[BlackElo "2424"]

1.d4 Nf6 2.c4 c5 3.d5 e6 4.Nc3 exd5 5.cxd5 d6 6.e4 g6 7.f4 Bg7 8.Bb5+ Nfd7
9.Bd3 O-O 10.Nf3 Na6 11.O-O Nc7 12.Re1 Re8 13.a4 b6 14.Be3 Ba6 15.Bf2 Qc8
16.Bg3 Bxd3 17.Qxd3 Na6 18.Nb5 Nb4 19.Qd2 Qb8 20.f5 Ne5 21.Nxe5 Bxe5 22.f6 Qd8
23.Nc7 Bd4+ 24.Kh1 Qxc7 25.e5 Nxd5 26.Qh6 Nxf6 27.exf6 Bxf6 28.Qd2 Bd4 29.h3 Qd7
30.Bf4 d5 31.a5 Rxe1+ 32.Rxe1 Re8 33.a6 Re4 34.Bh6 f5 35.Rf1 Qe7 36.Qd1 Re2
37.Qb3 Qe4 38.Qg3 Be5 39.Qg5 Kf7 40.Rg1 Re1 41.Qd2 Rxg1+ 42.Kxg1 Qd4+ 43.Kf1 Qxd2
44.Bxd2 Bxb2 45.Bf4 Bf6 46.Bb8 Bd8 47.Bxa7 Bc7 48.Ke2 Ke6 49.Kd3 Kd7  0-1

[Event "Aeroflot Open"]
[Site "Moscow RUS"]
[Date "2004.02.19"]
[Round "3"]
[White "Sulskis,S"]
[Black "Van Wely,L"]
[Result "0-1"]
[WhiteElo "2582"]
[BlackElo "2617"]

1.e4 c5 2.Nf3 Nc6 3.d4 cxd4 4.Nxd4 Nf6 5.Nc3 e5 6.Ndb5 d6 7.Bg5 a6 8.Bxf6 gxf6
9.Na3 b5 10.Nd5 f5 11.Nxb5 axb5 12.Bxb5 Bb7 13.exf5 Bg7 14.O-O O-O 15.Bc4 Qg5
16.a4 Kh8 17.Ra3 Qxf5 18.Ne3 Qg6 19.Bd5 Rab8 20.a5 f5 21.a6 Ba8 22.a7 Rb5
23.c4 Rb6 24.b4 Rxb4 25.Ra6 Nd4 26.c5 f4 27.Rxd6 Qg5 28.Nc2 f3 29.Ne1 e4
30.Bxa8 Rxa8 31.Rb6 Rxb6 32.cxb6 fxg2  0-1

[Event "Amber Rapid"]
[Site "Monte Carlo MNC"]
[Date "2004.04.01"]
[Round "11"]
[White "Shirov,A"]
[Black "Van Wely,L"]
[Result "0-1"]
[WhiteElo "2736"]
[BlackElo "2617"]

1.e4 c5 2.Nf3 Nc6 3.d4 cxd4 4.Nxd4 Nf6 5.Nc3 e5 6.Ndb5 d6 7.Bg5 a6 8.Na3 b5
9.Bxf6 gxf6 10.Nd5 f5 11.Bd3 Be6 12.O-O Bxd5 13.exd5 Ne7 14.Qh5 e4 15.Be2 Bg7
16.c3 O-O 17.Nc2 Re8 18.Rad1 Ng6 19.f4 exf3 20.Qxf3 f4 21.Bd3 Qg5 22.Bxg6 Qxg6
23.Ne1 Re4 24.Qd3 Rae8 25.Nf3 Re3 26.Qxg6 hxg6 27.Rf2 a5 28.Kf1 b4 29.cxb4 axb4
30.b3 Bc3 31.Rc2 R8e4 32.Rdc1 Kg7 33.a4 Rd3 34.a5 Rxd5 35.Ra2 Re7 36.a6 Ra7
37.Ra4 g5 38.h3 Kg6 39.Rc2 f5 40.Re2 g4 41.Re6+ Kh5 42.hxg4+ fxg4 43.Ke2 gxf3+
44.Kxf3 Kg5 45.Re8 Rd3+ 46.Ke2 Rg3 47.Rg8+ Kf5 48.Rxg3 fxg3 49.Kd3 d5  0-1

[Event "ACT Open"]
[Site "Amsterdam NED"]
[Date "2004.07.20"]
[Round "4"]
[White "Ganguly,S"]
[Black "Van Wely,L"]
[Result "1/2-1/2"]
[WhiteElo "2574"]
[BlackElo "2680"]

1.e4 c5 2.Nf3 Nc6 3.d4 cxd4 4.Nxd4 Nf6 5.Nc3 e5 6.Ndb5 d6 7.Bg5 a6 8.Na3 b5
9.Nd5 Be7 10.Bxf6 Bxf6 11.c3 O-O 12.Nc2 Bg5 13.a4 bxa4 14.Rxa4 a5 15.Bb5 Ne7
16.Ncb4 Bd7 17.Nxe7+ Bxe7 18.Nc6 Qe8 19.Qd5 Be6 20.Qd3 Bd7 21.Qd5  1/2-1/2

[Event "ACT Open"]
[Site "Amsterdam NED"]
[Date "2004.07.21"]
[Round "5"]
[White "Van Wely,L"]
[Black "Acs,P"]
[Result "1-0"]
[WhiteElo "2680"]
[BlackElo "2545"]

1.d4 d5 2.c4 c6 3.Nf3 Nf6 4.Nc3 e6 5.Bg5 h6 6.Bh4 dxc4 7.e4 g5 8.Bg3 b5 9.Be2 Bb7
10.Ne5 Nbd7 11.Qc2 Bg7 12.Rd1 Qb6 13.h4 Rd8 14.hxg5 hxg5 15.Rxh8+ Bxh8 16.Nxd7 Nxd7
17.e5 Nf8 18.Ne4 Rxd4 19.Nd6+ Ke7 20.Nxb7 Nd7 21.Nd6 Rxd1+ 22.Qxd1 Qa5+ 23.Kf1 Bxe5
24.Nc8+ Kd8 25.Bxe5 Kxc8 26.Bc3 b4 27.Be1 Qxa2 28.Bxb4 Qxb2 29.Qa4 Kb7 30.Bxc4 Nb6
31.Ba6+ Kc7 32.Qa5 g4 33.g3 Qb1+ 34.Kg2 Qe4+ 35.Kg1 Qb1+ 36.Bf1 Kb7 37.Qa6+ Ka8
38.Bc5 Kb8 39.Bd6+ Ka8 40.Bc7  1-0

[Event "Liepajas Rokade"]
[Site "Liepaya LAT"]
[Date "2004.07.31"]
[Round "5"]
[White "Luckans,A"]
[Black "Van Wely,L"]
[Result "1/2-1/2"]
[WhiteElo "2455"]
[BlackElo "2680"]

1.d4 Nf6 2.Nf3 c5 3.d5 b5 4.Bg5 Ne4 5.Bh4 Bb7 6.e3 Qb6 7.a4 a6 8.a5 Qh6 9.Bd3 Bxd5
10.Bxb5 Bb7 11.Bd3 d6 12.O-O Nd7 13.Bxe4 Bxe4 14.Nc3 Bb7 15.Nd5 Rc8 16.c4 e6
17.Nb6 Nxb6 18.axb6 Be7 19.Bxe7 Kxe7 20.e4 Qf4 21.Nd2 Rc6 22.Ra3 Rxb6 23.Rf3 Qe5
24.b3 f5 25.Re3 fxe4 26.Nxe4 Bxe4 27.Rfe1 d5 28.cxd5 Qxd5 29.Qa1 Qd4  1/2-1/2

[Event "Liepajas Rokade"]
[Site "Liepaya LAT"]
[Date "2004.07.31"]
[Round "7"]
[White "Kulaots,K"]
[Black "Van Wely,L"]
[Result "1-0"]
[WhiteElo "2593"]
[BlackElo "2680"]

1.e4 c5 2.Nf3 Nc6 3.d4 cxd4 4.Nxd4 Nf6 5.Nc3 e5 6.Ndb5 d6 7.Bg5 a6 8.Na3 b5
9.Bxf6 gxf6 10.Nd5 f5 11.c3 Bg7 12.Bd3 Be6 13.O-O Bxd5 14.exd5 Ne7 15.Re1 O-O
16.Qh5 e4 17.Bf1 Qc8 18.Rad1 Ng6 19.Nc2 Re8 20.Nb4 Ne5 21.Nc6 Nxc6 22.dxc6 Qxc6
23.Qxf5 Re5 24.Qf4 d5 25.f3 f5 26.fxe4 fxe4 27.Qe3 h5 28.Be2 Qg6 29.Rf1 Rc8
30.Kh1 Rg5 31.a3 Kh8 32.Rf2 Rg8 33.Qh3 Rf8 34.Rxf8+ Bxf8 35.Rf1 Be7 36.Qd7 Re5  1-0

[Event "Russian Blitz Internet Cup Superfinal"]
[Site "chessassistantclub.com INT"]
[Date "2004.12.28"]
[Round "10"]
[White "Kosyrev,V"]
[Black "Van Wely,L"]
[Result "1/2-1/2"]
[WhiteElo "2539"]
[BlackElo "2681"]

1.d4 Nf6 2.c4 g6 3.Nc3 d5 4.Nf3 Bg7 5.Bf4 O-O 6.e3 c5 7.dxc5 Qa5 8.Rc1 dxc4
9.Bxc4 Qxc5 10.Bb3 Qa5 11.O-O Na6 12.Qd2 Nc5 13.Nd5 Qxd2 14.Nxe7+ Kh8 15.Nxd2 Nxb3
16.Nxb3 Be6 17.Rc7 Nd5 18.Nxd5 Bxd5 19.Nd4 Rac8 20.Rfc1 Rxc7 21.Rxc7 Bxd4
22.exd4 f6 23.Bh6 Rg8 24.Rd7 Bc6 25.Rf7 g5 26.Rxf6 g4 27.Bf4 Rg6 28.Rf7 Kg8
29.Rc7 Rg7 30.Rc8+ Kf7 31.Be5 Rg8 32.Rc7+ Kg6 33.a3 h5 34.Kf1 Rf8 35.Rg7+ Kf5
36.h4 Ke4 37.Rg5 Rf5 38.Rg7 Kd3 39.Rg5 Ke4 40.Kg1 Rxg5 41.hxg5 Kf5 42.Bf6 Kg6
43.Kh2 h4 44.Be7 Bd5 45.a4 a6 46.a5 Bc6 47.Bf6 Bd5 48.Kg1 Bc6 49.Kh2 Bd5
50.Bd8 Bc6 51.f3 gxf3 52.gxf3 Bxf3 53.Kh3 Kh5 54.Bf6 Bd5 55.Kh2 Kg6 56.Kg1 Kh5
57.Kf2 Kg6 58.Bd8 Kf5 59.g6 Kxg6 60.Bxh4 Kf5 61.Ke3 Ke6 62.Kf4 Kd7 63.Be1 Kc6
64.Bb4 Bc4 65.Bc5 Bd5 66.Ke5 Bb3 67.Bb6 Bd5 68.Bc5 Bb3 69.Bb6 Bd5 70.Bc5  1/2-1/2